000 00917cab a2200289 4500
001 ABS56790
008 090401t1997 xxu||||| |||| 00| 0 eng d
035 _a(Sirsi) u77481
041 _aeng
100 _aKnutt, E.
245 _aTax returns
260 _c1997
350 _a0
490 _aBuilding
_v262(7982) 21 March 1997, 44-48(5)
520 _aReports on the clampdown by the Inland Revenue and Contributions Agency on construction workers who have been mis-classified and under-taxed who may be transferred on to contractors` payrolls or to subcontracting labour agencies.
650 _aCONSTRUCTION WORKERS
650 _aCONTRACTORS
650 _aCONTRIBUTIONS AGENCY
650 _aINLAND REVENUE
650 _aLABOUR COSTS
650 _aSELF-EMPLOYED
650 _aSUBCONTRACTING LABOUR AGENCIES
650 _aTAX RETURNS
690 _aTAXATION
942 _n0
948 _c27/03/1997
999 _c48718
_d48718